[Event "Stay Safe Play From Home 220"]
[Site "T#646737Emanuel Laske"]
[Date "2020.06.12"]
[Round "5"]
[White "Justwatch"]
[Black "Lazieri3"]
[Result "1/2-1/2"]
[WhiteElo "1839"]
[BlackElo "1985"]
[Annotator "TA"]
[PlyCount "106"]
[EventDate "2020.06.12"]
[EventType "swiss (blitz)"]

{[%evp 9,106,-1,9,-25,-23,-20,6,-40,-40,-55,-43,-38,51,52,56,-34,42,47,86,22,67,-7,-8,-7,-17,-15,45,-136,-137,-130,-128,-134,-135,-147,-143,-148,-149,-164,-164,-154,-162,-196,-108,-288,-101,-585,-570,-573,-561,-558,-555,-768,-758,-732,-638,-793,-788,-729,-689,-4133,-870,-844,-798,-29983,-29984,-29984,-29985,-29984,-29984,-29984,-29982,-29982,-29984,-29999,-29985,-29987,0,0,0,0,0,0,0,0,0,0,0,0,0,0,0,0,0,0,0,0,0,0,0]} 1. e4 c6 2. Nf3 d5 3. exd5 cxd5 4. d4 Nc6 5. Be3 Bf5 6. Bb5 {B13: Caro-Kann: Exchange Variation and Panov-Botvinnik Attack.} e6 7. Ne5 {[#]} Rc8 $146 ({Predecessor:} 7... Nge7 8. O-O Qb6 9. Nc3 a6 10. Ba4 Qxb2 11. Qb1 Qxb1 12. Raxb1 b5 13. Bxb5 axb5 14. Nxb5 {1-0 (33) Kovacs,B (1168)-Ivarlac,V chess.com INT 2020}) 8. Bxc6+ bxc6 9. c3 Bd6 (9... f6 {seems wilder.} 10. Nd3 Qb6 11. O-O Qb5 12. Nf4 Qxb2 13. Nd2 Bd6) 10. Nd2 Bxe5 (10... h5 $15) 11. dxe5 $14 Ne7 12. Bc5 (12. O-O $14) 12... O-O (12... Ng6 $1 $15) 13. O-O Qd7 14. Bd6 (14. Qe2 $16) 14... Rfe8 15. Nf3 (15. b4 $14) 15... Bg4 16. h3 Bxf3 $1 17. Qxf3 Nf5 (17... c5 $11) 18. Qf4 $2 {[#]} (18. Bc5 $14 {stays ahead.}) 18... Nxd6 19. exd6 Red8 20. Rfe1 Qxd6 21. Qg5 h6 22. Qg4 c5 23. Re3 d4 24. Rg3 {[%csl Gg3][%cal Rg4g7] [#]} g6 25. cxd4 Qxd4 ({Black should try} 25... cxd4 $19 {...d3 is the strong threat.} 26. Rd1 Rc2) 26. Qh5 $2 (26. Qe2 $17) 26... Qf4 $2 (26... Qxb2 $19 27. Rf1 Kg7) 27. Rxg6+ $2 {[%mdl 8192]} (27. Rg4 $17 {is a better chance.}) 27... fxg6 $19 28. Qxg6+ Kh8 29. Qxe6 Rf8 30. f3 Rce8 31. Qb3 Qe3+ 32. Kh2 Qxb3 33. axb3 Re2 34. Rxa7 Rxf3 (34... Rg8 $142 35. Kh1 Rexg2) 35. Rc7 Rff2 36. Rxc5 Rxg2+ 37. Kh1 Rxb2 38. Rc1 Rg3 39. Rc8+ Rg8 40. Rc7 Rxb3 {[%cal Rb3h3]} 41. Rc1 Rb2 42. Rg1 Rbg2 $2 (42... Rxg1+ {mates} 43. Kxg1 Kh7 44. Kf1 Kg6 45. Ke1 Kf5 46. Kd1 Ke4 47. Kc1 Rh2 48. Kb1 Ke3 49. h4 h5 50. Ka1 Kd3 51. Kb1 Kc3 52. Ka1 Kb3 53. Kb1 Rh1#) 43. Rxg2 $11 {[%mdl 4096] Endgame KR-KR. The position is equal.} Rf8 44. Kh2 Kh7 45. Rg3 Rg8 46. h4 Rxg3 47. Kxg3 {KP-KP} Kg6 48. Kg4 h5+ 49. Kf4 $1 Kf6 50. Ke4 Ke6 51. Kf4 Kf6 52. Ke4 Ke6 53. Kf4 Kf6 {And White is the lucky defender. Accuracy: White = 44%, Black = 68%.} 1/2-1/2

[Event "Stay Safe Play From Home 220"]
[Site "T#646737Emanuel Laske"]
[Date "2020.06.12"]
[Round "5"]
[White "Edmatuag"]
[Black "Grizzzly"]
[Result "0-1"]
[WhiteElo "1755"]
[BlackElo "1764"]
[Annotator "NA RC"]
[PlyCount "56"]
[EventDate "2020.06.12"]
[EventType "swiss (blitz)"]

1. e3 {[%emt 0:00:01]} c5 {[%emt 0:00:01]} 2. g3 {[%emt 0:00:01]} Nc6 {[%emt 0:00:00]} 3. Bg2 {[%emt 0:00:01]} d5 {[%emt 0:00:00]} 4. b3 {[%emt 0:00:01]} Nf6 {[%emt 0:00:01]} 5. Bb2 {[%emt 0:00:00]} Bf5 {[%emt 0:00:01]} 6. Ne2 {[%emt 0:00:01]} e6 {[%emt 0:00:00]} 7. d4 {[%emt 0:00:01]} Be7 {[%emt 0:00:00]} 8. Nd2 {[%emt 0:00:01]} O-O {[%emt 0:00:01]} 9. a3 {[%emt 0:00:01]} Rc8 {[%emt 0:00:00]} 10. Nf3 {[%emt 0:00:01]} cxd4 {[%emt 0:00:00]} 11. Nfxd4 {[%emt 0:00:02]} Ne4 {[%emt 0:00:00]} 12. Nxf5 {[%emt 0:00:02]} exf5 {[%emt 0:00:00]} 13. Bxe4 {[%emt 0:00:01]} fxe4 {[%emt 0:00:01]} 14. f3 {[%emt 0:00:01]} f5 {[%emt 0:00:04]} 15. fxe4 {[%emt 0:00:02]} fxe4 {[%emt 0:00:00]} 16. Rf1 {[%emt 0:00:08]} Bc5 {[%emt 0:00:01]} 17. Rxf8+ {[%emt 0:00:02]} Qxf8 {[%emt 0:00:01]} 18. Nf4 {[%emt 0:00:01]} Bxe3 {[%emt 0:00:02]} 19. Qxd5+ {[%emt 0:00:02]} Kh8 {[%emt 0:00:02]} 20. Ke2 {[%emt 0:00:04]} Bxf4 {[%emt 0:00:02]} 21. gxf4 {[%emt 0:00:00]} Qxf4 {[%emt 0:00:03]} 22. Rf1 {[%emt 0:00:02]} Qg4+ {[%emt 0:00:01]} 23. Ke1 {[%emt 0:00:01]} Re8 {[%emt 0:00:03]} 24. Qd7 {[%emt 0:00:02]} Qxd7 {[%emt 0:00:02]} 25. Rg1 {[%emt 0:00:03]} Rg8 {[%emt 0:00:03]} 26. Ke2 {[%emt 0:00:01]} e3 {[%emt 0:00:00]} 27. Bc3 {[%emt 0:00:03]} Qf5 {[%emt 0:00:02]} 28. Ke1 {[%emt 0:00:03]} Qf2+ {[%emt 0:00:02] Edmatuag resigns (Lag: Av=0.38s, max=0.7s)} 0-1

[Event "Stay Safe Play From Home 220"]
[Site "T#646737Emanuel Laske"]
[Date "2020.06.12"]
[Round "5"]
[White "Trotsky"]
[Black "Haris kollari 13"]
[Result "0-1"]
[WhiteElo "1633"]
[BlackElo "1759"]
[Annotator "NA RC"]
[PlyCount "62"]
[EventDate "2020.06.12"]
[EventType "swiss (blitz)"]

1. d4 {[%emt 0:00:01]} e6 {[%emt 0:00:00]} 2. e3 {[%emt 0:00:00]} d5 {[%emt 0:00:00]} 3. c4 {[%emt 0:00:00]} c6 {[%emt 0:00:01]} 4. Nc3 {[%emt 0:00:01]} f5 {[%emt 0:00:01]} 5. Nf3 {[%emt 0:00:01]} Nf6 {[%emt 0:00:01]} 6. Qc2 {[%emt 0:00:00]} Bd6 {[%emt 0:00:01]} 7. c5 {[%emt 0:00:00]} Bc7 {[%emt 0:00:01]} 8. Bd3 {[%emt 0:00:01]} Nbd7 {[%emt 0:00:01]} 9. Bd2 {[%emt 0:00:00]} b6 {[%emt 0:00:01]} 10. h4 {[%emt 0:00:01]} bxc5 {[%emt 0:00:01]} 11. g4 {[%emt 0:00:01]} cxd4 {[%emt 0:00:02]} 12. exd4 {[%emt 0:00:01]} Ne4 {[%emt 0:00:02]} 13. Nxe4 {[%emt 0:00:01]} fxe4 {[%emt 0:00:01]} 14. Bxe4 {[%emt 0:00:00]} dxe4 {[%emt 0:00:01]} 15. Qxe4 {[%emt 0:00:01]} Bb7 {[%emt 0:00:04]} 16. Qxe6+ {[%emt 0:00:03]} Qe7 {[%emt 0:00:01]} 17. Qxe7+ {[%emt 0:00:03]} Kxe7 {[%emt 0:00:01]} 18. O-O-O {[%emt 0:00:01]} Rhe8 {[%emt 0:00:01]} 19. Bg5+ {[%emt 0:00:01]} Kf7 {[%emt 0:00:01]} 20. Bd2 {[%emt 0:00:07]} h6 {[%emt 0:00:01]} 21. g5 {[%emt 0:00:02]} c5 {[%emt 0:00:02]} 22. gxh6 {[%emt 0:00:01]} Bxf3 {[%emt 0:00:02]} 23. hxg7 {[%emt 0:00:02]} Bxh1 {[%emt 0:00:02]} 24. Rxh1 {[%emt 0:00:01]} Kxg7 {[%emt 0:00:01]} 25. h5 {[%emt 0:00:01]} Kh7 {[%emt 0:00:01]} 26. f4 {[%emt 0:00:03]} Rf8 {[%emt 0:00:01]} 27. Rf1 {[%emt 0:00:03]} cxd4 {[%emt 0:00:01]} 28. f5 {[%emt 0:00:01]} Nf6 {[%emt 0:00:01]} 29. Bg5 {[%emt 0:00:03]} Ne4 {[%emt 0:00:01]} 30. Kc2 {[%emt 0:00:02]} Nxg5 {[%emt 0:00:02]} 31. Kd3 {[%emt 0:00:02]} Rf6 {[%emt 0:00:01] Trotsky Ñäàåòñÿ (Lag: Av=0.34s, max=0.8s)} 0-1

[Event "Stay Safe Play From Home 220"]
[Site "T#646737Emanuel Laske"]
[Date "2020.06.12"]
[Round "6"]
[White "Mepe_Nika"]
[Black "Haxhi Baha"]
[Result "1-0"]
[WhiteElo "2394"]
[BlackElo "1975"]
[Annotator "TA"]
[PlyCount "81"]
[EventDate "2020.06.12"]
[EventType "swiss (blitz)"]

{[%evp 9,81,8,30,2,-14,-22,0,-56,-31,-24,-8,-50,0,-52,-64,-67,-50,-60,-56,-63,-45,-60,99,133,104,87,139,130,1624,796,760,244,628,583,560,300,524,146,865,854,877,331,335,335,333,319,461,356,353,348,453,448,445,416,383,412,454,446,489,453,431,400,553,538,506,452,646,564,690,672,651,642,1563,0]} 1. g3 e6 2. Bg2 d5 3. d3 c6 4. Nd2 Nf6 5. e4 Bd6 {[#]} 6. Ne2 $146 {A00: Irregular Openings.} ({Predecessor:} 6. Ngf3 Bc7 7. O-O O-O 8. e5 Nfd7 9. Re1 c5 10. Nf1 Nc6 11. Bf4 Ne7 12. Ne3 {0-1 (53) Castaneda Munoz,A (1535)-Martinez Ferrer,A (1871) Sabadell 2018}) 6... O-O 7. f4 e5 8. O-O ({White should play} 8. fxe5 $11 Bxe5 9. d4) 8... exf4 9. Nxf4 {[%cal Re4d5]} Re8 10. h3 {[%cal Re4d5]} Nbd7 11. Kh2 (11. exd5 $11 Bxf4 12. Rxf4) 11... dxe4 $15 12. Nxe4 Nxe4 13. Bxe4 Nf6 14. Bg2 Qc7 15. Bd2 g5 $2 (15... Be5 $15) 16. Nh5 $1 $16 {[%cal Rh5f6]} Nxh5 17. Qxh5 Bxg3+ (17... Re6 $142) 18. Kh1 f6 $2 {[%mdl 8192]} ({Avoid the trap} 18... Bf4 $2 19. Rxf4 $1 {[%mdl 512]} Re6 20. Rf5 $18) (18... Re6 $16) 19. Rxf6 (19. Qxe8+ $142 Kg7 {[#]} 20. Rxf6 $1 {[%mdl 576] Clearance} Kxf6 21. Rf1+ Bf5 22. Bc3+ Be5 23. Qxa8 Bxc3 24. Qf8+ {[%mdl 64] Zwischenzug} Ke6 25. Qxf5+ {[%mdl 64] Double Attack} Kd6 26. bxc3) 19... Be6 $18 20. Bxg5 $2 (20. Be4 {Threatening mate with Bxh7+!} Be5 21. Bxg5 (21. Qxg5+ Kh8 $18)) 20... Qg7 $2 (20... Bf7 21. Qh6 Bg6) 21. Raf1 Be5 22. R6f2 Kh8 $2 (22... Qg6 {was called for.} 23. Qh4 Rf8) 23. c3 $2 (23. Be4 $18 {is the precise move to win.} Bxb2 24. Rg1) 23... Bd5 $2 {[%mdl 8192] A mistake that costs the game.} (23... Qg6 $16 24. Qh4 Rg8) 24. Bxd5 {White threatens Be4 and mate.} cxd5 25. Rf7 $2 (25. Bh6 Qg6 26. Rf8+ {[%mdl 64] Overworked Piece} Rxf8 27. Qxe5+ {[%mdl 64] Double Attack} (27. Rxf8+ Rxf8 28. Qxg6 hxg6 $16) 27... Kg8 28. Bxf8 Rxf8 29. Rg1) 25... Qg6 26. Qxg6 hxg6 27. Rxb7 Rf8 (27... Rab8 {keeps fighting.}) 28. Rff7 Rxf7 29. Rxf7 {[%mdl 4096] Endgame KRB-KRB} Kg8 30. Rd7 d4 31. cxd4 Bg7 32. Bf4 a5 33. Be5 Bh6 34. b3 Rc8 35. Kg2 Rc2+ 36. Kf3 {White is clearly winning.} Rxa2 37. Ke4 Ra3 (37... Bf8 $142 38. Ra7 Ra1) 38. Rb7 a4 39. bxa4 Rxa4 40. Rb6 Kh7 41. Rb7+ $2 {[%mdl 32768] Accuracy: White = 51%, Black = 33%. . Loss on time!?} (41. Rb8 $18 {[%csl Ge5][%cal Rb8h8]} Bg7 42. Rb7) 1-0

[Event "Stay Safe Play From Home 220"]
[Site "T#646737Emanuel Laske"]
[Date "2020.06.12"]
[Round "6"]
[White "Toosieslide"]
[Black "Little champs"]
[Result "1-0"]
[WhiteElo "2273"]
[BlackElo "2224"]
[Annotator "TA"]
[PlyCount "131"]
[EventDate "2020.06.12"]
[EventType "swiss (blitz)"]

{[%evp 18,131,4,0,21,24,19,28,22,12,40,38,37,19,40,39,33,36,37,22,42,46,71,0,0,0,19,13,19,21,19,12,88,89,153,153,523,532,500,467,600,598,568,224,223,210,214,213,199,133,136,116,126,126,126,110,324,146,500,498,493,306,550,342,6612,1726,12841,12841,12842,12841,12841,12841,12843,12843,12844,12844,12845,12845,12845,12846,12846,12847,12847,12846,12846,12847,12847,12847,12848,12847,12847,12847,12848,12848,12848,12847,12849,12849,12850,12849,12850,12849,12850,12848,12849,12848,12849,12848,12850,12850,12851,27999,27999,27999,27999,27999]} 1. d4 d5 2. c4 c6 3. Nc3 Nf6 4. Nf3 e6 5. g3 Be7 6. Bg2 O-O 7. O-O Nbd7 8. b3 b6 9. Nd2 Bb7 10. e4 dxe4 {E07: Closed Catalan: Main Line (5 Nf3 0-0 6 0-0 Nbd7).} 11. Ndxe4 Nxe4 12. Nxe4 {[#]} Rc8 $146 {White has an edge.} ({Predecessor:} 12... Nf6 13. Be3 Qd7 14. Qe2 Nxe4 15. Bxe4 c5 16. d5 exd5 17. cxd5 Bf6 18. Rad1 Rfe8 {0-1 (49) Tkachiev,V (2625)-Michalik,P (2557) Dubai 2014}) 13. Be3 Nf6 14. Nxf6+ Bxf6 15. Qd2 Qd7 16. Rad1 Rfd8 17. Qc2 Qc7 18. Rd2 Rd7 19. Rfd1 Rcd8 20. Bf4 (20. b4 $16) 20... Qc8 $1 $11 {[%cal Rf6d4]} 21. Be5 Bxe5 22. dxe5 Rxd2 23. Rxd2 Rxd2 24. Qxd2 Qc7 (24... g6 $11) 25. b4 $16 h6 ({Black should try} 25... Ba6) 26. Qd6 Qxd6 $2 (26... Qc8 $16) 27. exd6 {[%mdl 4096] Endgame Hoping for d7. KB-KB} Kf8 28. b5 cxb5 {White must now prevent ...Bxg2.} 29. Bxb7 bxc4 $18 {KB-KP} 30. Ba6 $2 (30. Kf1 b5 31. Bc6) 30... c3 31. Bd3 Ke8 {[#]} 32. Kf1 $1 Kd7 33. Ke1 (33. Ke2 $18) 33... Kxd6 $16 34. Kd1 Kd5 35. Kc2 Kd4 36. Bh7 g6 $2 (36... e5 $16) 37. Bg8 $18 e5 $2 {[%mdl 8192]} (37... f6 $16 {is a better chance.} 38. Bxe6 b5) 38. Bxf7 g5 {Black hopes to continue with ...b5.} 39. Bg6 e4 $2 (39... b5 40. Kd1 b4) 40. Bf5 e3 $2 (40... b5 41. Bg6 b4) 41. fxe3+ Kxe3 42. Kxc3 Kf2 43. g4 Kg2 44. Kc4 Kxh2 45. Bg6 Kg3 {[#]} 46. Bh5 $1 Kf4 47. Kb5 Ke5 48. Ka6 Kd6 49. Kxa7 {KB-K3P} Kc5 50. Ka6 b5 51. Ka5 Kc4 52. Bf7+ Kc5 53. Be8 b4 54. Ka4 Kc4 55. Bf7+ Kc3 56. Bg8 Kd4 57. Kxb4 {KB-KPP} Ke4 58. Kc5 Kf4 59. Be6 Ke5 60. Bc8 Kf4 61. a4 {[%cal Ba2a4,Ba4a5,Ba5a6,Ba6a7][%mdl 32] Threatening mate with a5.} Ke5 62. a5 {White wants to mate with a6.} h5 63. a6 {White threatens a7 and mate.} hxg4 64. Bxg4 Kf4 65. Bc8 Ke3 66. a7 {Accuracy: White = 82%, Black = 59%.} 1-0

[Event "Stay Safe Play From Home 220"]
[Site "T#646737Emanuel Laske"]
[Date "2020.06.12"]
[Round "6"]
[White "Fischer_11"]
[Black "Lamborghini"]
[Result "1-0"]
[WhiteElo "2029"]
[BlackElo "2263"]
[Annotator "NA RC"]
[PlyCount "115"]
[EventDate "2020.06.12"]
[EventType "swiss (blitz)"]

1. e3 {[%emt 0:00:01]} g6 {[%emt 0:00:02]} 2. g3 {[%emt 0:00:00]} Bg7 {[%emt 0:00:01]} 3. Bg2 {[%emt 0:00:00]} d6 {[%emt 0:00:01]} 4. d4 {[%emt 0:00:00]} Nf6 {[%emt 0:00:00]} 5. c4 {[%emt 0:00:00]} O-O {[%emt 0:00:01]} 6. Nc3 {[%emt 0:00:00]} Nc6 {[%emt 0:00:00]} 7. Nf3 {[%emt 0:00:00]} e5 {[%emt 0:00:00]} 8. O-O {[%emt 0:00:00]} e4 {[%emt 0:00:02]} 9. Nd2 {[%emt 0:00:02]} Bf5 {[%emt 0:00:01]} 10. Ncxe4 {[%emt 0:00:02]} Nxe4 {[%emt 0:00:02]} 11. Nxe4 {[%emt 0:00:00]} Qd7 {[%emt 0:00:01]} 12. Nc3 {[%emt 0:00:02]} Bh3 {[%emt 0:00:02]} 13. Qf3 {[%emt 0:00:02]} Bxg2 {[%emt 0:00:01]} 14. Qxg2 {[%emt 0:00:01]} h5 {[%emt 0:00:01]} 15. h3 {[%emt 0:00:01]} Rae8 {[%emt 0:00:01]} 16. Bd2 {[%emt 0:00:01]} Nd8 {[%emt 0:00:01]} 17. b3 {[%emt 0:00:01]} c6 {[%emt 0:00:01]} 18. Rad1 {[%emt 0:00:01]} Ne6 {[%emt 0:00:01]} 19. Rfe1 {[%emt 0:00:01]} Ng5 {[%emt 0:00:01]} 20. Kh2 {[%emt 0:00:05]} Qf5 {[%emt 0:00:01]} 21. e4 {[%emt 0:00:02]} Qf3 {[%emt 0:00:03]} 22. Re3 {[%emt 0:00:05]} Qxg2+ {[%emt 0:00:02]} 23. Kxg2 {[%emt 0:00:00]} Bxd4 {[%emt 0:00:01]} 24. Re2 {[%emt 0:00:02]} Bg7 {[%emt 0:00:03]} 25. Bxg5 {[%emt 0:00:01]} Bxc3 {[%emt 0:00:03]} 26. Rxd6 {[%emt 0:00:02]} Be5 {[%emt 0:00:02]} 27. Rd7 {[%emt 0:00:05]} b5 {[%emt 0:00:01]} 28. Bh6 {[%emt 0:00:01]} bxc4 {[%emt 0:00:02]} 29. Bxf8 {[%emt 0:00:01]} Kxf8 {[%emt 0:00:01]} 30. bxc4 {[%emt 0:00:01]} a5 {[%emt 0:00:00]} 31. f4 {[%emt 0:00:01]} Bc3 {[%emt 0:00:01]} 32. Re3 {[%emt 0:00:01]} Bb4 {[%emt 0:00:01]} 33. Red3 {[%emt 0:00:01]} Rxe4 {[%emt 0:00:03]} 34. Kf3 {[%emt 0:00:02]} Re1 {[%emt 0:00:01]} 35. Rc7 {[%emt 0:00:01]} Rf1+ {[%emt 0:00:01]} 36. Ke2 {[%emt 0:00:01]} Re1+ {[%emt 0:00:01]} 37. Kf2 {[%emt 0:00:01]} Re6 {[%emt 0:00:02]} 38. Rd8+ {[%emt 0:00:02]} Kg7 {[%emt 0:00:01]} 39. Rdd7 {[%emt 0:00:00]} Rf6 {[%emt 0:00:02]} 40. Ra7 {[%emt 0:00:02]} Bc5+ {[%emt 0:00:01]} 41. Kf3 {[%emt 0:00:01]} Bxa7 {[%emt 0:00:00]} 42. Rxa7 {[%emt 0:00:01]} Rd6 {[%emt 0:00:00]} 43. Rxa5 {[%emt 0:00:00]} Rd3+ {[%emt 0:00:01]} 44. Ke4 {[%emt 0:00:00]} Rxg3 {[%emt 0:00:01]} 45. Rc5 {[%emt 0:00:00]} Rxh3 {[%emt 0:00:01]} 46. Rxc6 {[%emt 0:00:00]} Ra3 {[%emt 0:00:00]} 47. c5 {[%emt 0:00:00]} Rxa2 {[%emt 0:00:01]} 48. Rb6 {[%emt 0:00:00]} Rc2 {[%emt 0:00:00]} 49. c6 {[%emt 0:00:00]} Rc4+ {[%emt 0:00:01]} 50. Kd5 {[%emt 0:00:00]} Rc1 {[%emt 0:00:01]} 51. c7 {[%emt 0:00:00]} h4 {[%emt 0:00:00]} 52. Rc6 {[%emt 0:00:01]} h3 {[%emt 0:00:01]} 53. Rxc1 {[%emt 0:00:01]} g5 {[%emt 0:00:01]} 54. Rh1 {[%emt 0:00:00]} g4 {[%emt 0:00:00]} 55. Rg1 {[%emt 0:00:01]} f5 {[%emt 0:00:00]} 56. Rh1 {[%emt 0:00:00]} Kf6 {[%emt 0:00:00]} 57. c8=Q {[%emt 0:00:00]} g3 {[%emt 0:00:00]} 58. Qc6+ {[%emt 0:00:00] Zeit (Lag: Av=0.24s, max=0.5s)} 1-0

[Event "Stay Safe Play From Home 220"]
[Site "T#646737Emanuel Laske"]
[Date "2020.06.12"]
[Round "6"]
[White "Lazieri3"]
[Black "Ovsaik"]
[Result "0-1"]
[WhiteElo "1978"]
[BlackElo "1864"]
[Annotator "TA"]
[PlyCount "66"]
[EventDate "2020.06.12"]
[EventType "swiss (blitz)"]

{[%evp 9,66,-13,-9,-12,-20,-33,-22,-42,28,-79,-25,-53,-46,-61,-51,-59,-53,-62,-54,-97,-88,-241,-55,-64,-85,-97,-89,-85,-65,-109,-85,-100,-91,-139,-35,-49,-52,-160,-95,-223,-64,-218,-128,-245,-226,-284,-277,-253,-227,-218,-49,-203,-30,-27,-35,-137,-171,-173,-158]} 1. e4 c5 2. Nc3 d6 3. d3 Nc6 4. Nf3 g6 5. Be3 Bg7 6. Qd2 {B50: Sicilian: 2...d6, Miscellaneous.} e5 7. Nd5 f5 {Strongly threatening ...f4.} 8. Bg5 {[#] The position is equal.} Nge7 $146 (8... Qd7 $15) ({Predecessor:} 8... Nf6 9. O-O-O O-O 10. Qc3 f4 11. Qc4 Kh8 12. h3 Qa5 13. Nxf6 Bxf6 14. Qd5 Nb4 15. Qxd6 Nxa2+ {0-1 (73) Naleli,M-Moyo,P (1370) Durban 2014}) 9. Bh6 (9. d4 $11 fxe4 10. dxe5 exf3 11. Nxe7 dxe5 12. Qxd8+ Nxd8 13. Nxc8 (13. gxf3 $2 Be6 $19) 13... Rxc8 14. O-O-O (14. gxf3 Ne6 $11)) 9... O-O (9... Bxh6 $17 10. Qxh6 Nxd5 11. exd5 Nb4 {[%mdl 64] Double Attack}) 10. Bxg7 Kxg7 11. Nxe7 Qxe7 12. Be2 Be6 13. a3 Rad8 14. h4 h6 15. g3 $2 (15. exf5 $17 {was worth a try.} Rxf5 16. O-O-O) 15... Nd4 $2 (15... fxe4 $19 16. dxe4 d5) 16. Nxd4 $15 cxd4 17. h5 g5 18. exf5 Bxf5 19. Bf3 b6 20. Bd5 Bg4 21. c4 Be6 (21... Bf3 $17 22. Bxf3 Rxf3) 22. Bxe6 Qxe6 23. O-O-O (23. Qe2 $1 $15) 23... Rf6 (23... Rf3 $142 24. Qe2 Qf5) 24. Rde1 (24. f4 $17) 24... Rdf8 $2 ({Black should try} 24... Rf3 $1 $19 {Threatens to win with ...Qf5.} 25. Re2 Rdf8) 25. Re2 $2 {[#]} ({Only move:} 25. f4 $1 $15) 25... Qg4 (25... Rf3 $1 $19 26. Rd1 Qg4) 26. Rhe1 (26. Rh2 $17) 26... Qxh5 $19 27. a4 Qg4 28. a5 bxa5 29. Qxa5 Qd7 $2 (29... Rxf2 $19 30. Rxf2 Rxf2 31. Qc7+ Rf7 32. Qxd6 Qxg3 {[%mdl 64] Double Attack}) 30. c5 $2 {[#]} (30. f4 $1 $15) 30... dxc5 $2 ({Don't take} 30... Rxf2 31. cxd6 Rxe2 32. Rxe2) (30... Rc8 $1 $19 {[%cal Rc8c5]} 31. b4 Qb7) 31. Rxe5 $11 {Black must now prevent Re7+.} R8f7 32. Rxc5 (32. f4 $1 $15) 32... Rxf2 $17 33. Kb1 Qg4 {Accuracy: White = 35%, Black = 38%.} 0-1

[Event "Stay Safe Play From Home 220"]
[Site "T#646737Emanuel Laske"]
[Date "2020.06.12"]
[Round "6"]
[White "buzaglo"]
[Black "Edmatuag"]
[Result "1-0"]
[WhiteElo "1918"]
[BlackElo "1738"]
[Annotator "TA"]
[PlyCount "55"]
[EventDate "2020.06.12"]
[EventType "swiss (blitz)"]

{[%evp 9,55,29,20,24,83,82,91,59,221,91,79,66,69,77,77,13,54,59,156,122,224,162,158,143,150,146,157,123,162,118,133,143,187,122,212,158,194,189,325,132,137,136,125,126,135,148,172,-112]} 1. d4 d5 2. Nf3 Nc6 3. g3 Bf5 4. Bg2 e6 5. O-O Bd6 6. Nh4 {[#] D02: 1 d4 d5 2 Nf3 sidelines, including 2...Nf6 3 g3 and 2...Nf6 3 Bf4.} Nge7 $146 (6... Bg4 $11) ({Predecessor:} 6... Bg6 7. f4 Nf6 8. e3 O-O 9. Nxg6 fxg6 10. Nd2 Ne7 11. Qe2 Nf5 12. c3 Ng4 13. Qxg4 {1-0 (34) Woodward,V (146)-Belinfante,N (121) Aberystwyth 2014}) 7. Nxf5 $16 Nxf5 8. e4 {White is better.} Nfxd4 $2 {[#]} (8... dxe4 $14 9. c3 Be7) 9. exd5 (9. c3 $18) 9... exd5 10. Bxd5 O-O 11. c3 Ne6 12. Be3 ({White should try} 12. Nd2 $16) 12... Qf6 13. Nd2 $36 {[%mdl 2048] White is pushing.} Ne5 ({Better is} 13... Rad8 $14) 14. Ne4 (14. Bxb7 $6 Rab8 $14) 14... Qf3 (14... Qf5 $16) 15. Qxf3 ({Much less strong is} 15. Bxb7 Rab8) 15... Nxf3+ 16. Kg2 Ne5 17. Nxd6 cxd6 18. f4 Nd3 19. b3 {[%cal Bb2b3,Bb3b4][%mdl 32]} Ndc5 20. b4 Na4 21. Bb3 (21. Rac1 $18) 21... Nb6 (21... Nxc3 $16 22. Rac1 Ne4) 22. Rac1 Rac8 23. c4 Rc7 (23... g6 $142 24. Rfd1 Rfd8) 24. Bxb6 (24. f5 $18) 24... axb6 25. Rfd1 Rd8 26. Rc3 Kf8 27. Rcd3 Ke7 28. c5 $2 {[%mdl 32768] Accuracy: White = 42%, Black = 20%. . Loss on time!?} (28. f5 $18 Nf8 29. Rd4) 1-0